Premier League - Number 1 - Statistics

General Stats
  • This quiz has been taken 21 times
  • The average score is 12 of 19
Answer Stats
Answer % Correct
Aston Villa Emiliano Martinez
95%
Arsenal Aaron Ramsdale
89%
Manchester United David de Gea
89%
Spurs Hugo Lloris
89%
Liverpool Alisson Becker
84%
Manchester City Ederson
84%
Everton Jordan Pickford
84%
Chelsea Kepa Arrizabalaga
79%
Wolves Jose Sa
63%
West Ham Lukasz Fabianski
63%
Leeds Ilian Meslier
53%
Newcastle Martin Dubravka
53%
Leicester Danny Ward
47%
Brentford David Raya
47%
Nottingham Forest Dean Henderson
47%
Brighton Robert Sanchez
47%
Bournemouth Mark Travers
32%
Southampton Alex McCarthy
26%
Fulham Marek Rodak
16%
No matching quizzes found
Score Distribution
Percent of People with Each Score
Percentile by Number Answered
Your Score History
You have not taken this quiz